000 00398nam a2200181Ia 4500
001 10080
005 20260306161805.0
008 260306t1999||||xx |||||||||||||| ||spa||
041 _aESP
082 _a882.1
_bE91
100 _aEsquilo
_eAUT
245 0 _aLas siete tragedias texto impreso
260 _c1999
300 _a
_c
650 _aGEN
654 _aCHU
942 _cLIB
_dJUS
_fJUS
_2ddc
_n
999 _c10080
_d10080